| 000 | 00450nam a2200157Ia 4500 | ||
|---|---|---|---|
| 008 | 210716s2009 xx 000 0 und d | ||
| 020 | _a9788120327535 | ||
| 041 | _aeng | ||
| 082 | _a658.7 HANR | ||
| 100 | _aHandfield, Robert B; Nichols, Ernest L. | ||
| 245 | _aIntroduction to supply chain management. | ||
| 250 | _a1 | ||
| 260 |
_aNew Delhi _bPHI Learning private limited. _c2009 |
||
| 300 | _aviii,183 | ||
| 650 | _aMaterials Management(658.7) | ||
| 999 |
_c206184 _d206184 |
||